00395nam a2200109Ia 4500008004100000100002900041245007100070260002900141300001800170650001500188856008200203160712s9999 xx 000 0 und d aRivera, Robin Daniel Z.  cRobin Daniel Z. RiveraaThe Devolution of a Sonic Community Ritual c2014bHumanities Diliman avol. 11 no. 2 xHUMANITIES uhttp://journals.upd.edu.ph/index.php/humanitiesdiliman/issue/view/502/showToc